| 000 | 00920nam a22002177a 4500 | ||
|---|---|---|---|
| 999 |
_c3028 _d3028 |
||
| 005 | 20181022160505.0 | ||
| 008 | 181022b ||||| |||| 00| 0 eng d | ||
| 010 | _aB-243159 | ||
| 020 |
_c175.00 _a8126312955 |
||
| 035 | _aB-243159 | ||
| 037 | _bBPPD/PUB | ||
| 082 | _a808.84 | ||
| 100 | _aवाजपेयी, कैलाश | ||
| 245 |
_aअनहद _cकैलाश वाजपेयी |
||
| 246 |
_aAnhad _bby Kailash Vajpai |
||
| 260 |
_aनई दिल्ली _bभारतीय ज्ञानपीठ _c2006 |
||
| 270 |
_a18,इंस्टीट्यूशनल एरिया, लोदी रोड _bनई दिल्ली _e110003 |
||
| 300 |
_a221पृ _c22 सेमी (सजिल्द) |
||
| 490 | _a(लोकोदय ग्रंथमालाःग्रंथांक 874) | ||
| 942 |
_adpl _cHN _k808.84 / वाजपे _2ddc _h808.84 _mवाजपे |
||